[Event "GER-chT North U12"]
[Site "Magdeburg"]
[Date "2014.09.13"]
[Round "5.2"]
[White "Hoffmann, Simon"]
[Black "Schwank, Johann"]
[Result "1-0"]
[WhiteElo "969"]
[BlackElo "1173"]
[PlyCount "113"]
[EventDate "2014.09.11"]
[EventType "team-swiss"]
[EventRounds "7"]
[EventCountry "GER"]
[SourceTitle "EXT 2016"]
[Source "ChessBase"]
[SourceDate "2015.10.08"]
[SourceVersion "1"]
[SourceVersionDate "2015.10.08"]
[SourceQuality "1"]
[WhiteTeam "Magdeburg USC"]
[BlackTeam "Hamburg Diogenes"]
[WhiteTeamCountry "GER"]
[BlackTeamCountry "GER"]

1. e4 e5 2. Nf3 Nc6 3. Bc4 Bc5 4. d3 Nf6 5. Nc3 d6 6. h3 Be6 7. Bb3 Qd7 8. Bg5 h6 9. Bxf6 gxf6 10. Ba4 0-0-0 11. Nd5 f5 12. Qd2 fxe4 13. dxe4 f5 14. exf5 Bxf5 15. 0-0-0 Be6 16. Rhf1 Bxd5 17. Qxd5 Kb8 18. Nxe5 Qe8 19. Nxc6+ bxc6 20. Qxc6 Qf7 21. Kb1 Rhe8 22. Bb5 Qf4 23. Ba6 Qb4 24. Rd3 Re1+ 25. Rd1 Rde8 26. Qb5+ Qxb5 27. Bxb5 Rxd1+ 28. Rxd1 Rf8 29. f3 h5 30. Bc6 a6 31. c3 Rg8 32. g4 hxg4 33. hxg4 Kc8 34. Re1 Kd8 35. f4 Bf2 36. Re2 Bg3 37. f5 Be5 38. Rg2 Rg5 39. Kc2 Ke7 40. Kb3 Rg8 41. g5 Rb8+ 42. Kc4 Rg8 43. Bd5 Rf8 44. Be6 c6 45. g6 Bg7 46. Kb4 Ra8 47. Ka5 c5 48. Kb6 a5 49. a4 Kf6 50. Kc7 Ke7 51. Re2 Kf6 52. Kxd6 Bf8+ 53. Kc6 Ra7 54. Rh2 Ra8 55. Rh7 Bg7 56. Kxc5 Rb8 57. b3 1-0

[Event "Magdeburg op-B"]
[Site "Magdeburg"]
[Date "2014.06.13"]
[Round "8"]
[White "Maar, Felicitas"]
[Black "Hoffmann, Simon"]
[Result "1-0"]
[WhiteElo "1087"]
[BlackElo "1126"]
[PlyCount "89"]
[EventDate "2014.06.08"]
[EventType "swiss"]
[EventRounds "9"]
[EventCountry "GER"]
[SourceTitle "CBM 160 Extra"]
[Source "ChessBase"]
[SourceDate "2014.07.01"]
[SourceVersion "1"]
[SourceVersionDate "2014.07.01"]
[SourceQuality "1"]

1. e4 e5 2. Nf3 Nc6 3. Bc4 Bc5 4. 0-0 d6 5. d3 Bg4 6. Nc3 Nd4 7. Be3 Bxf3 8. gxf3 Qh4 9. Nd5 0-0-0 10. c3 Nc6 11. d4 exd4 12. cxd4 Bb6 13. Nxb6+ axb6 14. Bxf7 Qh3 15. d5 Qh4 16. dxc6 bxc6 17. Qd2 Qh3 18. Qe2 Kb7 19. Rac1 Rf8 20. Qc4 Qd7 21. Bxg8 Rhxg8 22. Kg2 g5 23. a4 g4 24. f4 h5 25. Ra1 h4 26. a5 b5 27. a6+ Ka8 28. Qd4 c5 29. Qd5+ c6 30. Qa2 g3 31. Kh1 g2+ 32. Kg1 Qh3 33. Rfd1 Rg6 34. f5 Rgf6 35. Bg5 R6f7 36. Rxd6 Rc7 37. Rd8+ Rxd8 38. Bxd8 Rd7 39. Qe6 Qd3 40. Qxc6+ Kb8 41. Bxh4 b4 42. Bg3+ Ka7 43. Qxc5+ Ka8 44. Qc8+ Ka7 45. Qb8# 1-0

[Event "Magdeburg op-B"]
[Site "Magdeburg"]
[Date "2014.06.09"]
[Round "3"]
[White "Tamrazyan, Gohar"]
[Black "Hoffmann, Simon"]
[Result "1/2-1/2"]
[WhiteElo "1531"]
[BlackElo "1126"]
[PlyCount "115"]
[EventDate "2014.06.08"]
[EventType "swiss"]
[EventRounds "9"]
[EventCountry "GER"]
[SourceTitle "CBM 160 Extra"]
[Source "ChessBase"]
[SourceDate "2014.07.01"]
[SourceVersion "1"]
[SourceVersionDate "2014.07.01"]
[SourceQuality "1"]

1. d4 d5 2. c4 e6 3. Nc3 g6 4. cxd5 exd5 5. Nf3 c6 6. e4 dxe4 7. Nxe4 Qe7 8. Qe2 Be6 9. Bd2 Bg7 10. Bc3 Nd7 11. a3 Ngf6 12. Bb4 c5 13. Nxc5 Nxc5 14. Bxc5 Qd7 15. Ne5 Qd5 16. Qb5+ Bd7 17. Nxd7 Nxd7 18. Qe2+ Qe6 19. Qxe6+ fxe6 20. Bc4 Kf7 21. Rd1 Rac8 22. b3 Rhd8 23. 0-0 Rc6 24. Bb5 Rc7 25. Bxd7 Rcxd7 26. Bxa7 Bxd4 27. Bxd4 Rxd4 28. Rxd4 Rxd4 29. a4 Rd3 30. Rb1 Ke7 31. Kf1 Kd6 32. Ke2 Rc3 33. Kd2 Rc6 34. b4 Kd5 35. Kd3 Ra6 36. a5 b6 37. axb6 Rxb6 38. f4 e5 39. fxe5 Kxe5 40. Kc4 Kd6 41. b5 Kd7 42. Kc5 Kc7 43. Rf1 Rb7 44. Rf7+ Kb8 45. Rxb7+ Kxb7 46. b6 h6 47. g3 g5 48. Kd5 Kxb6 49. Ke5 Kc5 50. Kf5 Kd4 51. Kg6 Ke4 52. Kh5 Ke5 53. g4 Kf4 54. h4 gxh4 55. Kxh4 Ke5 56. Kh5 Kf4 57. Kh4 Ke5 58. Kh5 1/2-1/2

[Event "Magdeburg op-B"]
[Site "Magdeburg"]
[Date "2014.06.08"]
[Round "1"]
[White "Meyer, Nico"]
[Black "Hoffmann, Simon"]
[Result "1-0"]
[WhiteElo "1486"]
[BlackElo "1126"]
[PlyCount "61"]
[EventDate "2014.06.08"]
[EventType "swiss"]
[EventRounds "9"]
[EventCountry "GER"]
[SourceTitle "CBM 160 Extra"]
[Source "ChessBase"]
[SourceDate "2014.07.01"]
[SourceVersion "1"]
[SourceVersionDate "2014.07.01"]
[SourceQuality "1"]

1. e4 e5 2. Nf3 Nc6 3. Bb5 Bc5 4. Nc3 d6 5. 0-0 Bg4 6. h3 Bh5 7. d3 h6 8. Be3 Bb6 9. Nd5 Nf6 10. Nb4 Qd7 11. c3 0-0 12. d4 exd4 13. cxd4 Ba5 14. Nd5 Nxe4 15. b4 a6 16. Bd3 Qf5 17. Nf4 Bxb4 18. g4 Bxg4 19. hxg4 Qxg4+ 20. Kh1 d5 21. Qe2 Nc3 22. Rg1 Qxg1+ 23. Rxg1 Nxe2 24. Nxe2 g6 25. Bxh6 Rfe8 26. Nf4 Rad8 27. Nxg6 fxg6 28. Rxg6+ Kf7 29. Ng5+ Ke7 30. Rg7+ Kf6 31. Rf7# 1-0

[Event "Stuttgart-chC int"]
[Site "Ditzingen"]
[Date "2014.05.29"]
[Round "2"]
[White "Hoffmann, Simon"]
[Black "Meissner, Mogens"]
[Result "0-1"]
[WhiteElo "785"]
[BlackElo "1049"]
[PlyCount "56"]
[EventDate "2014.05.29"]
[EventType "swiss"]
[EventRounds "7"]
[EventCountry "GER"]
[SourceTitle "EXT 2015"]
[Source "ChessBase"]
[SourceDate "2014.11.20"]
[SourceVersion "1"]
[SourceVersionDate "2014.11.20"]
[SourceQuality "1"]

1. e4 e5 2. Nf3 Nc6 3. Bc4 Nf6 4. Ng5 d5 5. exd5 Na5 6. Bb5+ c6 7. dxc6 bxc6 8. Ba4 h6 9. Nf3 Bc5 10. 0-0 0-0 11. c3 Bg4 12. b4 e4 13. Ne5 Bxd1 14. Rxd1 Bb6 15. bxa5 Bxa5 16. Nxc6 Qc7 17. Nxa5 Qxa5 18. Bc6 Rac8 19. Bb7 Rc7 20. Bxe4 Nxe4 21. Re1 Qa4 22. f3 Nc5 23. Re5 Qd1+ 24. Kf2 Nd3+ 25. Kg3 Nxe5 26. Ba3 Qc2 27. f4 Nc4 28. Bxf8 Kxf8 0-1

[Event "GER-chT U10"]
[Site "Magdeburg"]
[Date "2013.12.28"]
[Round "4.1"]
[White "Hoffmann, Simon"]
[Black "Tuente, Lukas"]
[Result "1-0"]
[WhiteElo "1193"]
[BlackElo "946"]
[PlyCount "55"]
[EventDate "2013.12.27"]
[EventType "team-swiss"]
[EventRounds "5"]
[EventCountry "GER"]
[SourceTitle "EXT 2015"]
[Source "ChessBase"]
[SourceDate "2014.11.20"]
[SourceVersion "1"]
[SourceVersionDate "2014.11.20"]
[SourceQuality "1"]
[WhiteTeam "Magdeburg USC"]
[BlackTeam "Raesfeld"]
[WhiteTeamCountry "GER"]
[BlackTeamCountry "GER"]

1. e4 e5 2. Nf3 Nf6 3. Nc3 Nc6 4. Bc4 Bc5 5. d3 h6 6. Bd2 d6 7. h3 Be6 8. Bb3 Qd7 9. Qe2 Nd4 10. Nxd4 Bxd4 11. Bxe6 Qxe6 12. 0-0 0-0 13. a4 c6 14. Qf3 Rad8 15. Rab1 d5 16. exd5 cxd5 17. Rfe1 a6 18. Ne2 Bc5 19. b4 Ba7 20. Bc3 b5 21. axb5 axb5 22. Nf4 Qc6 23. Bxe5 Qxc2 24. Bxf6 gxf6 25. Nh5 Kh7 26. Qf5+ Kg8 27. Qg4+ Kh7 28. Qg7# 1-0

[Event "GER-chT U10"]
[Site "Magdeburg"]
[Date "2013.12.28"]
[Round "5.1"]
[White "Nguyen, Alex Dac Vuong"]
[Black "Hoffmann, Simon"]
[Result "1-0"]
[WhiteElo "1309"]
[BlackElo "1193"]
[PlyCount "75"]
[EventDate "2013.12.27"]
[EventType "team-swiss"]
[EventRounds "5"]
[EventCountry "GER"]
[SourceTitle "EXT 2015"]
[Source "ChessBase"]
[SourceDate "2014.11.20"]
[SourceVersion "1"]
[SourceVersionDate "2014.11.20"]
[SourceQuality "1"]
[WhiteTeam "Muenster"]
[BlackTeam "Magdeburg USC"]
[WhiteTeamCountry "GER"]
[BlackTeamCountry "GER"]

1. e4 e5 2. Nf3 Nc6 3. d4 exd4 4. Bc4 h6 5. c3 dxc3 6. Nxc3 Bc5 7. Bxf7+ Kxf7 8. Qd5+ Ke8 9. Qh5+ Kf8 10. Qxc5+ d6 11. Qc4 Nf6 12. 0-0 Qe7 13. Re1 Be6 14. Qb5 Rb8 15. Bf4 Qd7 16. Rad1 Qf7 17. b3 a6 18. Qe2 g5 19. Bc1 Qg6 20. Nd5 Bxd5 21. exd5 Re8 22. Qc4 Ne7 23. Qxc7 Nfxd5 24. Qxb7 g4 25. Nd4 h5 26. Bb2 Rh7 27. Qxa6 h4 28. Re6 Qg5 29. Rxd6 Qh5 30. Nc6 g3 31. f3 gxh2+ 32. Kh1 h3 33. g4 Qh4 34. Ne5 Qg3 35. Nd7+ Kg8 36. Rg6+ Nxg6 37. Qxg6+ Rg7 38. Qxg7# 1-0

[Event "GER-chT U10"]
[Site "Magdeburg"]
[Date "2013.12.27"]
[Round "2.1"]
[White "Hoffmann, Simon"]
[Black "Buchloh, Adrian"]
[Result "0-1"]
[WhiteElo "1193"]
[BlackElo "1388"]
[PlyCount "114"]
[EventDate "2013.12.27"]
[EventType "team-swiss"]
[EventRounds "5"]
[EventCountry "GER"]
[SourceTitle "EXT 2015"]
[Source "ChessBase"]
[SourceDate "2014.11.20"]
[SourceVersion "1"]
[SourceVersionDate "2014.11.20"]
[SourceQuality "1"]
[WhiteTeam "Magdeburg USC"]
[BlackTeam "Hagen"]
[WhiteTeamCountry "GER"]
[BlackTeamCountry "GER"]

1. e4 c5 2. Nf3 Nc6 3. Bc4 e6 4. Nc3 Nf6 5. 0-0 Be7 6. d3 0-0 7. Be3 d5 8. exd5 exd5 9. Nxd5 Nxd5 10. Bxd5 Qxd5 11. c4 Qd8 12. Qc2 Nb4 13. Qc3 Qxd3 14. Qxd3 Nxd3 15. b3 Bf5 16. Rad1 Rad8 17. Rd2 Nb4 18. Rfd1 Nxa2 19. Rxd8 Rxd8 20. Rxd8+ Bxd8 21. Bxc5 b6 22. Bd6 a5 23. Nd4 Bg6 24. Kf1 Bf6 25. Nc6 Bc2 26. Bc7 Bxb3 27. Bxb6 Bxc4+ 28. Kg1 a4 29. Bc5 Bb5 30. Na7 Bd7 31. Kf1 Bb2 32. Ke1 a3 33. Kd1 Ba4+ 34. Kd2 Nc1 35. Bxa3 Bxa3 36. Nc8 Bc5 37. Kxc1 Bd7 38. f3 Bxc8 39. h4 Ba6 40. Kd2 Bf1 41. g4 Bf2 42. h5 Bg2 43. Ke2 Bc5 44. f4 Ba3 45. Kf2 Bd5 46. g5 h6 47. Kg3 hxg5 48. fxg5 Bd6+ 49. Kg4 Be6+ 50. Kh4 Be7 51. h6 gxh6 52. Kh5 hxg5 53. Kh6 g4 54. Kh5 g3 55. Kh6 g2 56. Kh5 g1Q 57. Kh6 Qh2# 0-1